Rekabentuk dalam masyarakat

Bibliographic Details
Main Author: Liddament, Terry
Format: Book
Published: Kuala Lumpur : Fajar Bakti , 1993
Series:Topik rekabentuk
Subjects:

MARC

LEADER 00000cam a2200000 7i4500
001 0000000936
002 000001043
005 20060123.0
020 |a 9676525545 
090 0 0 |a 600   |b TOP 
100 1 |a Liddament, Terry 
245 1 0 |a Rekabentuk dalam masyarakat   |c Terry Liddament 
260 |a Kuala Lumpur :   |b Fajar Bakti ,   |c 1993 
300 |a 64p :   |b ill ;   |c 28cm. 
490 0 |a Topik rekabentuk 
650 0 0 |a Technology   |x Juvenile literature 
999 |a 029550   |b BUKU   |c JUNIOR BOOKS   |e PERPUSTAKAAN KOMUNITI CAW KOTA DAMANSARA